000 00499nam a2200193 a 4500
001 1770212243886
003 YourLibrary
005 20260204191112.0
008 260204s1991##################000#0#eng##
020 _a9780710303530
082 0 4 _a305.8968
_bFEB
100 1 _aFebruary, Vernie A.,
_eauthor.
245 1 0 _aThe Afrikaners of South Africa :
260 _bRoutledge,
_c1991.
300 _a316 pages
650 0 _aHistory.
942 _cENGLISH
040 _aYourLibrary
_beng
_cYourLibrary
999 _c610175
_d610175